Chimie physique 2. (Record no. 21407)

000 -LEADER
fixed length control field 00266nam a22001217a 4500
040 ## - CATALOGING SOURCE
Transcribing agency rua
082 ## - DEWEY DECIMAL CLASSIFICATION NUMBER
Classification number 541 ATK 1982 A084 Or.
100 ## - MAIN ENTRY--AUTHOR NAME
Personal name P.W. ATKINS.
245 ## - TITLE STATEMENT
Title Chimie physique 2.
260 ## - PUBLICATION, DISTRIBUTION, ETC. (IMPRINT)
Place of publication x.1259p.
Name of publisher ill.
300 ## - PHYSICAL DESCRIPTION
Number of Pages phnom penh
Other physical details rua
Dimensions 1982
942 ## - ADDED ENTRY ELEMENTS (KOHA)
Koha item type ឯកសារស្រាវជ្រាវ
952 ## - LOCATION AND ITEM INFORMATION (KOHA)
Withdrawn status [LOCAL, KOHA] 0
952 ## - LOCATION AND ITEM INFORMATION (KOHA)
Withdrawn status [LOCAL, KOHA] 0
Holdings
Permanent Location Date acquired Koha item type Lost status Shelving location Barcode Current Location Full call number
Library Block A2023-06-07ឯកសារស្រាវជ្រាវ A084a16374Library Block A541 ATK 1982 A084 Or.
Library Block A2023-06-26ឯកសារស្រាវជ្រាវ A084a15133Library Block A541 ATK 1982 A084 Or.
មជ្ឈមណ្ឌលឯការនៃសាកលវិទ្យាល័យភូមិន្ទកសិកម្មចំការដូង

Powered by Koha